5-Letter Europe Quiz Stats

Quiz Updated May 25, 2016

Also try: 6-Letter Europe
Challenge
Share
Tweet
Embed
Score 0/7 Timer 01:30
10 Plays Today
Country/Capital % Correct
CountrySpain
88.1%
CapitalParis
85.1%
CountryItaly
84.3%
CountryMalta
64.3%
CapitalMinsk
35.9%
CapitalSofia
35.6%
CapitalVaduz
30.1%

You're not logged in!

Compare scores with friends on all Sporcle quizzes.
Sign Up with Email
OR
Log In

You Might Also Like...

Show Comments

Extras

Top Quizzes Today


Score Distribution

Your Account Isn't Verified!

In order to create a playlist on Sporcle, you need to verify the email address you used during registration. Go to your Sporcle Settings to finish the process.